Hospodářske dějiny 14

Uložené v:
Podrobná bibliografia
Médium: Kniha
Jazyk:Czech
Vydavateľské údaje: Praha Ústav československých a světových dějin ČSAV 1986
Vydanie:1. vyd.
Tagy: Pridať tag
Žiadne tagy, Buďte prvý, kto otaguje tento záznam!

MARC

LEADER 00000nam a2200000 4500
001 c028885
005 20221220071620.1
041 0 |a cze 
044 |a CZ 
245 1 0 |a Hospodářske dějiny 14 
250 |a 1. vyd. 
264 1 |a Praha  |b Ústav československých a světových dějin ČSAV  |c 1986 
300 |a 414 s.